000 00547nam a2200205Ia 4500
008 200819s9999||||xx |||||||||||||| ||und||
020 _a9579466904
020 _a9789579466905
041 _achi
050 _aBV4249.C5
_b.Z43 1996
100 _a張路得
245 0 _a兩條門路
_b /
_c張路得
246 _a两条门路
260 _a台北:
_b天恩,
_c1996
300 _a7, 270 p. :
_bill. ;
_c21 cm.
650 _aBible. O. T.-- Biography.
650 _aChristian life -- Sermons.
650 _aSaul, King of Israel.
999 _c13912
_d13912